000 00301 a2200109 4500
001 ART_35115
005 20260410161942.0
008 260409a
245 1 0 _aAccidente in itinere
100 1 _aFavier, Daniela
773 0 _tTemas de derecho laboral
_g- NÂș 12 (dic. 2015)
_wREV27619
999 _c29558
_d29558